000 00650nam a2200229Ia 4500
003 OSt
005 20220923225602.0
006 a|||||r|||| 00| 0
007 ta
008 Pun
024 _a271,940
037 _cTextual
040 _aARTS
_cARTS
_bPun
041 _2Pun
_aPun
082 _aO116,3M05x, 153M0
100 _aਕ੍ਰਿFਨ ਕਾਂਤ
_9160121
245 0 _aਹੈ ਕ੍ਰਿ ਐ੍ਵਡਰਸਨ
_b ਪਰੀ ਕਹਾਣੀਆਂ
260 _c1980
650 _aਪੰਜਾਬੀ ਸਾਹਿਤ
942 _hO116,3M05x, 153M0
_cTEXL
_2CC
999 _c379286
_d379286